From iron age to independence : (Record no. 4941)

MARC details
000 -LEADER
fixed length control field 01133nam a2200337 a 4500
001 - CONTROL NUMBER
control field 1450495
003 - CONTROL NUMBER IDENTIFIER
control field OSt
005 - DATE AND TIME OF LATEST TRANSACTION
control field 20170822174838.0
008 - FIXED-LENGTH DATA ELEMENTS--GENERAL INFORMATION
fixed length control field 850712s1984 enka b 001 0 eng
010 ## - LIBRARY OF CONGRESS CONTROL NUMBER
LC control number 85178394
020 ## - INTERNATIONAL STANDARD BOOK NUMBER
International Standard Book Number 0582651115 (pbk.)
040 ## - CATALOGING SOURCE
Original cataloging agency DLC
Transcribing agency BSU
Modifying agency DLC
Language of cataloging English
043 ## - GEOGRAPHIC AREA CODE
Geographic area code f-mw---
-- f-sa---
-- f-rh---
050 00 - LIBRARY OF CONGRESS CALL NUMBER
Classification number DT853.5
Item number .N44 1985
082 00 - DEWEY DECIMAL CLASSIFICATION NUMBER
Classification number 976 NEE
Edition number 19
100 1# - MAIN ENTRY--PERSONAL NAME
Personal name Needham, D. E.
9 (RLIN) 10475
245 10 - TITLE STATEMENT
Title From iron age to independence :
Remainder of title a history of Central Africa /
Statement of responsibility, etc D.E. Needham, E.K. Mashingaidze, N. Bhebe.
250 ## - EDITION STATEMENT
Edition statement New ed.
260 ## - PUBLICATION, DISTRIBUTION, ETC. (IMPRINT)
Place of publication, distribution, etc Harlow, Essex, England :
Name of publisher, distributor, etc Longman,
Date of publication, distribution, etc c1984
Date of manufacture (1985 printing)
300 ## - PHYSICAL DESCRIPTION
Extent 208 p. :
Other physical details ill. ;
Dimensions 24 cm.
500 ## - GENERAL NOTE
General note Rev. ed. of: Iron age of independence. 1974.
500 ## - GENERAL NOTE
General note Includes index.
504 ## - BIBLIOGRAPHY, ETC. NOTE
Bibliography, etc Bibliography: p. 205.
651 #0 - SUBJECT ADDED ENTRY--GEOGRAPHIC NAME
Geographic name Malawi
General subdivision History.
9 (RLIN) 10476
651 #0 - SUBJECT ADDED ENTRY--GEOGRAPHIC NAME
Geographic name Zimbabwe
General subdivision History.
9 (RLIN) 10477
700 1# - ADDED ENTRY--PERSONAL NAME
Personal name Mashingaidze, E. K.
Fuller form of name (Elleck K.)
9 (RLIN) 10478
700 1# - ADDED ENTRY--PERSONAL NAME
Personal name Bhebe, Ngwabi.
9 (RLIN) 10479
700 1# - ADDED ENTRY--PERSONAL NAME
Personal name Needham, D. E.
Title of a work Iron age to independence.
9 (RLIN) 10480
906 ## - LOCAL DATA ELEMENT F, LDF (RLIN)
a 7
b cbc
c orignew
d 3
e ncip
f 19
g y-gencatlg
942 ## - ADDED ENTRY ELEMENTS (KOHA)
Source of classification or shelving scheme Dewey Decimal Classification
Koha item type Reserved Books
Holdings
Withdrawn status Lost status Source of classification or shelving scheme Damaged status Not for loan Collection code Home library Current library Shelving location Date acquired Source of acquisition Total Checkouts Full call number Barcode Date last seen Copy number Price effective from Koha item type
    Dewey Decimal Classification       Main Library Main Library   23/05/2005 Purchased   976 NEE 068 23/05/2013 1 23/05/2013 Reserved Books
    Dewey Decimal Classification       Main Library Main Library   30/05/2017 Purchased   976 NEE 31015 30/05/2017 2 30/05/2017 Reserved Books
    Dewey Decimal Classification       Main Library Main Library   30/05/2017 Purchased   976 NEE 31016 30/05/2017 3 30/05/2017 Reserved Books

© 2017 Bishop Stuart University Library. All Rights Reserved.
Kakoba Campus, Plot 150 Buremba Road | P.O. Box 9, Mbarara, UGANDA | Tel: +256-772-463068
Email: library@bsu.ac.ug